| 000 | 00000nas 2200000za 4500 |
| 001 | 9.506215 |
| 003 | CaOODSP |
| 005 | 20200331213905 |
| 007 | cr ||||||||||| |
| 008 | 150406d19961996xxc|| m o||||f| |0eng|d |
| 040 | |aCaOODSP|beng |
| 043 | |an-cn--- |
| 086 | 1 |aBT31-4/1996E-PDF |
| 110 | 1 |aCanada. |bTreasury Board. |
| 245 | 10|aPerformance report for the period ending March 31, 1996 |h[electronic resource] |
| 246 | 3 |aImproved reporting to Parliament - pilot document |
| 260 | |aOttawa - Ontario : |bTreasury Board of Canada Secretariat |c[1996]. |
| 362 | 1 |aFor the period ending March 31, 1996 |
| 690 | 07|aBudgets|2gcpds |
| 690 | 07|aPerformance assessment|2gcpds |
| 775 | 08|tRapport sur le rendement pour la période se terminant le 31 mars 1996 |w(CaOODSP)9.502614 |
| 776 | 0#|tRapport sur le rendement pour la période se terminant le 31 mars 1996 : |w(CaOODSP)9.508971 |
| 776 | 0#|tPerformance report for the period ending March 31, 1996 : |w(CaOODSP)9.508970 |